000 00494nam a2200193 a 4500
001 17425
003 CO-ViMGA
008 141112s2004 ck r 000 u spa d
020 _a8484502112
040 _aCO-ViMGA
_bspa
_cCO-ViMGA
082 0 4 _a833.8 H377s
100 1 _aHesse, Hermann
_914897
245 1 0 _aSiddhartha
260 _aBarcelona (EspaƱa),
_cPlaza y Janes,
_c2002
300 _a211.p.
650 1 4 _aGAUTAMA, SIDHARTHA
_924747
650 1 4 _aNOVELA ALEMANA
_92669
942 _2ddc
_cBK
999 _c26963
_d26963